Webster's universal English thesaurus. (Record no. 112319)
[ view plain ]
| 000 -LEADER | |
|---|---|
| fixed length control field | 00332nam a2200133 a 4500 |
| 001 - CONTROL NUMBER | |
| control field | 4140 |
| 005 - DATE AND TIME OF LATEST TRANSACTION | |
| control field | 20140414131933.0 |
| 008 - FIXED-LENGTH DATA ELEMENTS--GENERAL INFORMATION | |
| fixed length control field | 090218s19uu xx 00 eng d |
| 050 ## - LIBRARY OF CONGRESS CALL NUMBER | |
| Classification number | REF 423.1 |
| Item number | W39 2007 |
| 245 ## - TITLE STATEMENT | |
| Title | Webster's universal English thesaurus. |
| 260 ## - PUBLICATION, DISTRIBUTION, ETC. (IMPRINT) | |
| Name of publisher, distributor, etc | Geddes & Grosset, |
| Date of publication, distribution, etc | 2007. |
| Withdrawn status | Lost status | Damaged status | Home library | Current library | Shelving location | Date acquired | Source of acquisition | Total Checkouts | Full call number | Barcode | Date last seen | Price effective from | Koha item type |
|---|---|---|---|---|---|---|---|---|---|---|---|---|---|
| Munich Library | Munich Library | Reference Section | 02/18/2009 | REF 423.1 W39 2007 | M3579 | 04/14/2014 | 04/14/2014 | Books | |||||
| Munich Library | Munich Library | Reference Section | 02/18/2009 | REF 423.1 W39 2007 | M3591 | 04/14/2014 | 04/14/2014 | Books |